Normal view MARC view

Entry Personal Name

Number of records used in: 1

001 - CONTROL NUMBER

  • control field: 162729

003 - CONTROL NUMBER IDENTIFIER

  • control field: OSt

005 - DATE AND TIME OF LATEST TRANSACTION

  • control field: 20220923212735.0

008 - FIXED-LENGTH DATA ELEMENTS

  • fixed length control field: 220923|| aca||aabn | a|a d

040 ## - CATALOGING SOURCE

  • Original cataloging agency: OSt
  • Transcribing agency: OSt

100 ## - HEADING--PERSONAL NAME

  • Personal name: जोगेलकर, नरहरि चिन्तामणि

670 ## - SOURCE DATA FOUND

  • Source citation: Work cat.: (OSt)311165: जोगेलकर, नरहरि चिन्तामणि, हिन्दी एवं मराठी के वैष्णव साहित्य का तुलनात्मक अध्ययन विक्रम संवत् 14 -17 तक, 1968
Copyright @ Delhi University Library System